The integrity of mission: (Record no. 10156)

000 -LEADER
fixed length control field 00829nam a2200229 a 4500
001 - CONTROL NUMBER
control field :::00007941$&:&@@
003 - CONTROL NUMBER IDENTIFIER
control field OkBaRHE
005 - DATE AND TIME OF LATEST TRANSACTION
control field 20000607103340.0
008 - FIXED-LENGTH DATA ELEMENTS--GENERAL INFORMATION
fixed length control field s1979 j 000 0 eng u
020 ## - INTERNATIONAL STANDARD BOOK NUMBER
International Standard Book Number 0060615869
040 ## - CATALOGING SOURCE
Transcribing agency
100 1# - MAIN ENTRY--PERSONAL NAME
Personal name Costas, Orlando E.
245 14 - TITLE STATEMENT
Title The integrity of mission:
Remainder of title the inner life and outreach of the Church.
250 ## - EDITION STATEMENT
Edition statement 1st ed.
260 ## - PUBLICATION, DISTRIBUTION, ETC. (IMPRINT)
Place of publication, distribution, etc San Francisco, CA., :
Name of publisher, distributor, etc Harper & Row, Publishers
Date of publication, distribution, etc c1979
300 ## - PHYSICAL DESCRIPTION
Extent 114 p. ;
Dimensions 20 cm.
650 ## - SUBJECT ADDED ENTRY--TOPICAL TERM
Topical term or geographic name as entry element Missions
General subdivision Addresses, Essays, Lectures
650 ## - SUBJECT ADDED ENTRY--TOPICAL TERM
Topical term or geographic name as entry element Missions
General subdivision Theory
-- Addresses, Essays, Lectures
942 ## - ADDED ENTRY ELEMENTS (KOHA)
Source of classification or shelving scheme
Koha item type Books
Copies
Withdrawn status Damaged status Source of classification or shelving scheme Koha item type Barcode Price effective from Shelving location Date last seen Permanent Location Lost status Copy number Full call number Not for loan Date acquired
   Books79412010-04-14General Stacks2010-04-14RHEMA Bible Training College 1BV 2063 .C66 2010-04-14
   Books160872010-04-14General Stacks2010-04-14RHEMA Bible Training College 2BV 2063 .C66 2010-04-14